Statistics for Pokémon Moves- Dragon Type

Click here to take the quiz!

General Stats

  • This quiz has been taken 51 times
  • The average score is 19 of 29

Answer Stats

HintAnswer% Correct
IIIDragon Claw
100%
IVDraco Meteor
96%
IDragon Rage
96%
IIIDragon Dance
88%
IVDragon Pulse
88%
VDragon Tail
88%
IVRoar of Time
88%
IIOutrage
84%
IVSpacial Rend
84%
IITwister
84%
IVDragon Rush
80%
VIIDevastating Drake
68%
IIDragon Breath
68%
VIIIDragon Darts
64%
VIIDragon Hammer
64%
VIIIMax Wyrmwind
64%
VIIClanging Scales
56%
VIIIClangorous Soul
56%
VIIClangorous Soulblaze
56%
VIIIDragon Energy
56%
VDual Chop
56%
VIIIScale Shot
48%
VIIIBreaking Swipe
44%
VIIIEternabeam
44%
VIIIDynamax Cannon
40%
IXGlaive Rush
36%
VIICore Enforcer
28%
IXOrder Up
28%
VIIIG-Max Depletion
24%

Score Distribution

Percentile by Number Answered

Percent of People with Each Score

Your Score History

You have not taken this quiz